Complete works / (Record no. 42)

MARC details
000 -LEADER
fixed length control field 01071cam a2200301 a 4500
001 - CONTROL NUMBER
control field 4000949
005 - DATE AND TIME OF LATEST TRANSACTION
control field 20200421093817.0
008 - FIXED-LENGTH DATA ELEMENTS--GENERAL INFORMATION
fixed length control field 961223s1997 inu b 001 0deng
010 ## - LIBRARY OF CONGRESS CONTROL NUMBER
LC control number 96053280
020 ## - INTERNATIONAL STANDARD BOOK NUMBER
International Standard Book Number 0872203492 (cloth : alk. paper)
040 ## - CATALOGING SOURCE
Original cataloging agency DLC
Transcribing agency DLC
Modifying agency DLC
041 1# - LANGUAGE CODE
Language code of text/sound track or separate title eng
Language code of original grc
050 00 - LIBRARY OF CONGRESS CALL NUMBER
Classification number B358
Item number .C3 1997
082 00 - DEWEY DECIMAL CLASSIFICATION NUMBER
Classification number 184
Edition information 21
100 0# - MAIN ENTRY--PERSONAL NAME
Personal name Plato.
240 10 - UNIFORM TITLE
Uniform title Works.
Language of a work English.
Date of a work 1997
245 10 - TITLE STATEMENT
Title Complete works /
Statement of responsibility, etc. Plato ; edited, with introduction and notes, by John M. Cooper ; associate editor, D.S. Hutchinson.
260 ## - PUBLICATION, DISTRIBUTION, ETC.
Place of publication, distribution, etc. Indianapolis, Ind. :
Name of publisher, distributor, etc. Hackett Pub.,
Date of publication, distribution, etc. c1997.
300 ## - PHYSICAL DESCRIPTION
Extent xxx, 1808 p. ;
Dimensions 24 cm.
504 ## - BIBLIOGRAPHY, ETC. NOTE
Bibliography, etc. note Includes bibliographical references and index.
600 00 - SUBJECT ADDED ENTRY--PERSONAL NAME
Personal name Socrates.
9 (RLIN) 10
650 #0 - SUBJECT ADDED ENTRY--TOPICAL TERM
Topical term or geographic name entry element Philosophy, Ancient.
700 1# - ADDED ENTRY--PERSONAL NAME
Personal name Cooper, John M.
Fuller form of name (John Madison),
Dates associated with a name 1939-
9 (RLIN) 11
700 1# - ADDED ENTRY--PERSONAL NAME
Personal name Hutchinson, D. S.,
Dates associated with a name 1955-
9 (RLIN) 12
906 ## - LOCAL DATA ELEMENT F, LDF (RLIN)
a 7
b cbc
c orignew
d 1
e ocip
f 19
g y-gencatlg
942 ## - ADDED ENTRY ELEMENTS (KOHA)
Source of classification or shelving scheme Dewey Decimal Classification
Koha item type Books
Holdings
Withdrawn status Lost status Damaged status Not for loan Collection Home library Current library Shelving location Date acquired Barcode Date last seen Price effective from Koha item type
        Reference Centerville Centerville General stacks 09/04/2014 39999000001693 09/04/2014 09/04/2014 Books